Top 100 Biggest Cities in Colombia - Statistics

General Stats
  • This quiz has been taken 124 times
  • The average score is 29 of 100
Answer Stats
# City Population % Correct
1 Bogotá 8,181,047
99%
2 Medellín 2,529,403
99%
3 Cali 2,445,405
95%
4 Barranquilla 1,232,462
89%
5 Cartagena 1,036,134
86%
10 Bucaramanga 528,610
68%
12 Santa Marta 507,455
66%
6 Cúcuta 668,838
62%
8 Ibagué 569,336
58%
22 Armenia 301,224
56%
15 Pereira 476,636
56%
13 Valledupar 483,286
55%
17 San Juan de Pasto 455,678
54%
7 Soledad 666,247
52%
19 Manizales 400,136
51%
11 Villavicencio 516,831
51%
9 Soacha 544,997
49%
14 Bello 482,287
48%
18 Buenaventura 424,047
48%
16 Montería 460,082
48%
20 Neiva 347,438
44%
25 Popayán 284,737
44%
24 Sincelejo 286,749
42%
32 Tunja 199,221
42%
23 Riohacha 286,973
41%
36 Barrancabermeja 191,495
40%
28 Envigado 238,221
39%
21 Palmira 310,594
39%
27 Floridablanca 267,124
35%
57 Quibdó 116,178
35%
41 Yopal 149,426
35%
37 Florencia 181,493
34%
26 Itagüí 276,916
34%
51 Rionegro 126,193
34%
62 Girardot 106,818
33%
48 Zipaquirá 128,426
31%
29 Tuluá 219,148
29%
59 Duitama 113,954
28%
34 Apartadó 195,068
27%
58 Buga 114,562
27%
45 Chía 135,752
27%
77 Madrid 82,118
27%
39 Maicao 164,424
27%
60 Sogamoso 111,799
27%
42 Ipiales 148,297
26%
65 Ocaña 100,461
26%
30 Tumaco 212,692
26%
38 Turbo 172,314
26%
63 Ciénaga 105,206
25%
46 Cartago 134,308
24%
44 Facatativá 139,364
24%
71 Arauca 92,107
22%
31 Dosquebradas 204,739
22%
79 Funza 79,545
22%
43 Fusagasugá 142,426
22%
88 San Andrés 73,221
22%
67 Aguachica 95,782
20%
73 Mosquera 89,108
20%
47 Pitalito 133,205
20%
64 Sabanalarga 101,339
19%
52 Yumbo 125,663
19%
82 La Dorada 78,135
18%
33 San Juan de Girón 195,499
18%
78 Caldas 80,528
16%
98 Granada 65,952
16%
40 Piedecuesta 159,760
16%
35 Uribia 192,721
16%
55 Caucasia 120,479
15%
53 Magangué 123,955
15%
50 Malambo 127,202
15%
86 Turbaco 75,208
14%
49 Jamundí 127,228
13%
87 Acacías 73,640
12%
85 Espinal 75,949
12%
96 Necoclí 67,359
12%
95 San José del Guaviare 67,767
12%
90 Copacabana 72,735
11%
99 La Estrella 65,300
11%
56 Manaure 116,428
11%
68 Villa del Rosario 94,796
11%
84 Arjona 76,676
9%
83 El Carmen de Bolívar 77,840
9%
81 Calarcá 78,779
8%
93 Chiquinquirá 68,126
8%
76 Chigorodó 82,151
7%
89 Santa Rosa de Cabal 72,836
7%
75 Candelaria 85,352
6%
70 Cereté 93,713
6%
69 Garzón 94,219
6%
100 Riosucio 63,822
6%
72 Sahagún 90,406
6%
66 Santander de Quilichao 97,965
6%
80 Los Patios 79,336
5%
74 Montelíbano 86,858
5%
61 Tierralta 107,302
5%
94 Ciénaga de Oro 67,934
4%
97 La Plata 66,072
4%
92 Planeta Rica 68,610
4%
54 Santa Cruz de Lorica 120,558
4%
91 San Vicente del Caguán 71,704
2%
No matching quizzes found
Score Distribution
Percent of People with Each Score
Percentile by Number Answered
Your Score History
You have not taken this quiz